000 00877cam a2200289 a 4500
001 14287
003 BD-JhCC
005 20250227115315.0
008 970910m19989999njua b 001 0 eng
020 _a9780130810816
035 _a(BD-JhCC)14287
040 _aDLC
_cDLC
_dDLC
041 _aenglish
050 0 0 _aQA76.76.O63
_bS755 1998
082 0 0 _a005.7127
_221
_bSTE 1999
100 1 _aStevens, W. Richard.
245 1 0 _aUNIX network programming /
_c W. Richard Stevens.
250 _a2nd ed.
260 _aUpper Saddle River, NJ :
_bPrentice Hall PTR,
_c1999.
300 _a558 p. :
_bill. ;
_c25 cm.
504 _aIncludes bibliographical references and indexes.
505 1 _av. 1. Networking APIs, sockets and XTI -- v. 2. Interprocess communications.
650 0 _aComputer networks.
650 0 _aInternet programming.
942 _2ddc
_cBK
999 _c14287
_d14287